000 01246nam a22002777a 4500
005 20240530110336.0
008 141019s2010 ua oj gr 000 0 ara d
017 _a19906/2009
_bمصر . دار الكتب
020 _a9789773286459
040 _aEG-CaGPL
082 0 4 _221
_a371.334\
_bح ت
100 0 _aحسن الباتع محمد عبدالعاطى
245 1 2 _aالتصميم التعليمى عبر الانترنت :
_bمن السوكية الى البنائية - نماذج وتطبيقات /
_cحسن الباتع محمد عبدالعاطى
260 _aالاسكندرية :
_bدار الجامعة الجديدة ؛
_c2010
300 _a602 ص :
_bصور ، جداول ؛
_c24 سم
650 0 4 _aتكنولوجيا التعليم
650 0 4 _aالتعليم
_xاستخدام الحاسب الالى
650 0 4 _aالتعليم الالكترونى
_xطرق التدريس
650 0 4 _aالمؤتمرات الالكترونية
650 0 4 _aالمكتبات الالكترونية
650 0 4 _aالمجلة الالكترونية
650 0 4 _aالكتاب الالكترونى
650 0 4 _aالتعليم الالكترونى
_xمقررات
942 _2ddc
_cBK
999 _c59797
_d59797